000 01180naa a2200349 c 4500
001 30206
003 ES-MaCES
005 20150929135530.0
008 980414n1997 sp ||| | spa d
035 _aCES19980041555v
040 _aES-MaCES
_bspa
_cES-MaCES
041 0 _aspa
_aeng
100 1 _aHernando Moreno, José María
_914721
245 1 3 _aEl comercio exterior español
_b: balance de una década en la Unión Europea
_cJosé M.ª Hernando Moreno
500 _aResumen en castellano e inglés
504 _aBibliografía: p. 160-161
650 4 _abalance
_930786
650 4 _aMercado Unico Europeo
_930652
650 4 _aintegración económica
_927962
650 4 _a1986-1996
_931249
650 4 _aEspaña
_926964
650 4 _aanálisis de actividad
_927000
650 4 _adevaluación
_929412
650 4 _abalanza comercial
_927966
650 4 _acomercio internacional
_927958
653 1 0 _aComercio internacional
650 4 _926752
_aUE
773 0 _tInformación Comercial Española
_gMadrid. - N. 766 ; p. 147-161
_w(ES-MaCES)25295
902 _aART Artículo de revista
942 _2CES
_cAR
_h0.0.
999 _c30206
_d30206